| 000 | 00651nam a22002055i 4500 | ||
|---|---|---|---|
| 001 | 159151 | ||
| 003 | ES-MaACL | ||
| 005 | 20230906211451.0 | ||
| 008 | 040913s1879 gw |||| | eng d | ||
| 040 |
_aCAM _bspa _cCAM |
||
| 100 | 1 |
_aMathers, Helen. _9129723 |
|
| 245 | 1 | 0 |
_aLand o'the leal / _cHelen Mathers. |
| 260 |
_aLeipzig : _bBernhard Tauchnitz, _c1879. |
||
| 300 |
_a223 p. ; _c17 cm. |
||
| 490 | 1 |
_aCollection of British Authors ; _v1801 |
|
| 752 |
_aAlemania - _dLeipzig |
||
| 830 | 0 |
_aCollection of British Authors ; _v1801 _9180703 |
|
| 852 |
_aES-MaACL _jG-11796 _z-- Enc. tela conservando la cub. original |
||
| 999 |
_c159151 _d159151 |
||